[Event "CAN-ch U2200"]
[Site "Kingston CAN"]
[Date "2022.04.15"]
[Round "4.37"]
[White "Ramesh, Sanjay"]
[Black "Guillemette, Hugo"]
[Result "1-0"]
[WhiteElo "2065"]
[BlackElo "1882"]
[PlyCount "87"]
[EventDate "2022.04.13"]
[EventType "swiss"]
[EventRounds "9"]
[EventCountry "CAN"]

1. d4 Nf6 2. c4 e6 3. Nc3 Bb4 4. Nf3 O-O 5. e3 d5 6. Bd3 c5 7. O-O Nc6 8. a3
Bxc3 9. bxc3 dxc4 10. Bxc4 Qc7 11. Qe2 e5 12. dxe5 Nxe5 13. Nxe5 Qxe5 14. h3
Ne4 15. Bb2 Rd8 16. Bd3 Bf5 17. c4 Qe6 18. Rad1 Qg6 19. Bb1 h5 20. Qf3 a6 21.
a4 Re8 22. Rd5 Nd2 23. Qxf5 Nxf1 24. Qxg6 fxg6 25. Kxf1 Re6 26. Bd3 Rf8 27. Ke2
b6 28. f3 Rfe8 29. e4 R8e7 30. e5 Rc7 31. Rd6 Kf7 32. f4 b5 33. axb5 axb5 34.
cxb5 c4 35. Bc2 Rxd6 36. exd6 Rb7 37. Ke3 Rxb5 38. Be5 Rd5 39. h4 Ke6 40. Bxg6
Rd1 41. Bc2 Rg1 42. f5+ Kf7 43. d7 Ke7 44. Ba4 1-0

[Event "CAN-ch U2200"]
[Site "Kingston CAN"]
[Date "2022.04.15"]
[Round "4.38"]
[White "Hansen, Troy"]
[Black "Oancea, Nicolae"]
[Result "1-0"]
[WhiteElo "1973"]
[BlackElo "1907"]
[PlyCount "97"]
[EventDate "2022.04.13"]
[EventType "swiss"]
[EventRounds "9"]
[EventCountry "CAN"]

1. e4 g6 2. d4 Bg7 3. Nf3 c6 4. Be2 d5 5. Nc3 Nf6 6. e5 Nfd7 7. O-O O-O 8. Bg5
f6 9. exf6 exf6 10. Bh4 Nb6 11. h3 Be6 12. Re1 Bf7 13. Ne5 N8d7 14. Nxf7 Rxf7
15. b3 Qf8 16. Bf1 Re8 17. Qd2 Rfe7 18. Ne2 Re4 19. Bg3 Qe7 20. f3 Re3 21. Nf4
Bh6 22. Rxe3 Qxe3+ 23. Qxe3 Rxe3 24. Kf2 Re7 25. Re1 Kf7 26. a4 f5 27. Nd3 Bg7
28. Rxe7+ Kxe7 29. Ke3 Nc8 30. a5 a6 31. c4 dxc4 32. bxc4 Nd6 33. Ne5 Nf6 34.
Bh4 Ke6 35. g4 Ng8 36. f4 Ne7 37. Bd3 Bf6 38. g5 Bg7 39. Be1 Ndc8 40. Bb4 b5
41. axb6 Nxb6 42. Bxe7 Bxe5 43. Bd8 Bxf4+ 44. Kxf4 Na4 45. Ba5 c5 46. d5+ Kd6
47. Be2 Nb2 48. Ke3 Na4 49. Kd2 1-0

[Event "CAN-ch U2200"]
[Site "Kingston CAN"]
[Date "2022.04.15"]
[Round "4.39"]
[White "Shi, Michael"]
[Black "Adam, Rafael"]
[Result "0-1"]
[WhiteElo "2017"]
[BlackElo "2024"]
[PlyCount "108"]
[EventDate "2022.04.13"]
[EventType "swiss"]
[EventRounds "9"]
[EventCountry "CAN"]

1. e4 e5 2. Nf3 Nc6 3. Bc4 Bc5 4. c3 Nf6 5. d4 exd4 6. cxd4 Bb4+ 7. Bd2 Bxd2+
8. Nbxd2 d5 9. exd5 Nxd5 10. O-O O-O 11. Rc1 Nce7 12. Ne5 c6 13. Ne4 f6 14. Nf3
Bf5 15. Re1 b6 16. Ng3 Bg6 17. Nh4 Bf7 18. Nhf5 Re8 19. Qg4 Nxf5 20. Nxf5 Bg6
21. Bxd5+ cxd5 22. Rxe8+ Qxe8 23. Nd6 h5 24. Qg3 h4 25. Qg4 Qe7 26. Qxg6 Qxd6
27. h3 Qf4 28. Re1 Qg5 29. Qxg5 fxg5 30. Re7 Rc8 31. Rxa7 Rc1+ 32. Kh2 Rc2 33.
Rd7 Rxb2 34. Rxd5 Rxa2 35. Rxg5 Rxf2 36. Rb5 Rf6 37. g3 hxg3+ 38. Kxg3 Kf7 39.
d5 Ke7 40. Rb1 Kd7 41. Kg4 Kc7 42. Kg5 Rd6 43. Rd1 b5 44. Kf4 b4 45. Ke5 b3 46.
Rc1+ Kd7 47. Rb1 Rb6 48. Kf5 b2 49. h4 Kc7 50. d6+ Kxd6 51. Ke4 Ke6 52. h5 Kf6
53. h6 g5 54. Kf3 Kg6 0-1

[Event "CAN-ch U2200"]
[Site "Kingston CAN"]
[Date "2022.04.15"]
[Round "5.31"]
[White "Zhang, Chu Hang"]
[Black "Joseph Benher, Savio"]
[Result "1-0"]
[WhiteElo "2057"]
[BlackElo "2170"]
[PlyCount "127"]
[EventDate "2022.04.13"]
[EventType "swiss"]
[EventRounds "9"]
[EventCountry "CAN"]

1. d4 Nf6 2. g3 e6 3. Bg2 d5 4. c4 Bb4+ 5. Bd2 Bd6 6. Nc3 c6 7. c5 Bc7 8. f4
Ne4 9. Bxe4 dxe4 10. Nxe4 Qxd4 11. Qc2 f5 12. Nf2 Na6 13. Nd3 Qe4 14. Nf3 b6
15. b4 bxc5 16. bxc5 e5 17. Kf2 Nxc5 18. Be3 Ne6 19. fxe5 Bb6 20. Qd2 O-O 21.
Rab1 c5 22. Nf4 Nd4 23. a4 Bb7 24. Bxd4 cxd4 25. a5 Bc5 26. Rhc1 Qe3+ 27. Qxe3
dxe3+ 28. Kf1 Be4 29. Rb3 Be7 30. Rxe3 Rac8 31. Rec3 Rxc3 32. Rxc3 Bb4 33. Rc7
Bxa5 34. Rxa7 Bb6 35. Rd7 Re8 36. Ng5 Bc5 37. Nfe6 Bf8 38. Rf7 h6 39. Rxf8+
Rxf8 40. Nxf8 hxg5 41. Ne6 g4 42. Ng5 Bc2 43. Kf2 g6 44. e4 Kf8 45. exf5 Bxf5
46. Ke3 Ke7 47. Kf4 Bc8 48. Ne4 Bf5 49. Nf6 Ke6 50. Nxg4 Bd3 51. h4 Bb1 52. Nf6
Bc2 53. g4 Bb1 54. Ne4 Bc2 55. Ng5+ Ke7 56. h5 gxh5 57. gxh5 Kf8 58. h6 Bd3 59.
e6 Ke7 60. Ke5 Kf8 61. Kf6 Kg8 62. e7 Bb5 63. Ke6 Be8 64. Kd6 1-0

[Event "CAN-ch U2200"]
[Site "Kingston CAN"]
[Date "2022.04.15"]
[Round "5.32"]
[White "Loadman, Ian"]
[Black "Van Rooy, Jake"]
[Result "1-0"]
[WhiteElo "2061"]
[BlackElo "2073"]
[PlyCount "153"]
[EventDate "2022.04.13"]
[EventType "swiss"]
[EventRounds "9"]
[EventCountry "CAN"]

1. e4 c5 2. Nc3 Nc6 3. Bb5 Nd4 4. Nf3 g6 5. Bc4 Bg7 6. Nxd4 cxd4 7. Qf3 e6 8.
Nb5 d6 9. Qa3 Ke7 10. c3 Qb6 11. d3 Qc5 12. b4 Qb6 13. Nxd4 Nf6 14. O-O Bd7 15.
Be3 Qc7 16. h3 Rhc8 17. Rac1 Nxe4 18. Bxe6 fxe6 19. dxe4 Qc4 20. Rfd1 Bf8 21.
e5 d5 22. Qb2 Bg7 23. Nf3 Qc7 24. Bc5+ Kf7 25. Qd2 b5 26. Qe3 Kg8 27. Rd4 h6
28. Rg4 Be8 29. Re1 Qd8 30. Nd4 Qd7 31. h4 Kh7 32. Qd3 h5 33. Rg3 a6 34. Nf3
Rc7 35. Ng5+ Kg8 36. Nh3 Qd8 37. Nf4 Qxh4 38. Nxg6 Qc4 39. Ne7+ Kh8 40. Qd2 Qh4
41. Ng6+ Bxg6 42. Rxg6 Re8 43. Re3 Qf4 44. Bd4 Rf7 45. Qe2 Qf5 46. Reg3 Kh7 47.
R6g5 Qb1+ 48. Kh2 Rh8 49. Rxh5+ Kg8 50. Rxh8+ Kxh8 51. Qg4 Qf5 52. Qxf5 Rxf5
53. Re3 Bh6 54. Re2 Kh7 55. g3 Rf3 56. Kg2 Rd3 57. f4 Kg6 58. Kf2 Kf5 59. Re3
Rd2+ 60. Re2 Rd3 61. Re3 Rd2+ 62. Kf3 Rxa2 63. Re1 Bf8 64. Rh1 Rd2 65. Rh8 Bg7
66. g4+ Kg6 67. Re8 Kf7 68. Ra8 Ra2 69. f5 Bh6 70. Ra7+ Ke8 71. f6 Ra1 72. g5
Bxg5 73. f7+ Kf8 74. Bc5+ Be7 75. Rxe7 Rf1+ 76. Ke3 Rxf7 77. Rxe6+ 1-0

[Event "CAN-ch U2200"]
[Site "Kingston CAN"]
[Date "2022.04.15"]
[Round "5.33"]
[White "Liu, Henry"]
[Black "Xu, Daniel"]
[Result "1/2-1/2"]
[WhiteElo "2125"]
[BlackElo "2088"]
[PlyCount "87"]
[EventDate "2022.04.13"]
[EventType "swiss"]
[EventRounds "9"]
[EventCountry "CAN"]

1. d4 Nf6 2. Nf3 g6 3. Bf4 Bg7 4. e3 d6 5. h3 O-O 6. Be2 b6 7. Nbd2 Bb7 8. O-O
Nbd7 9. c4 Ne4 10. Nxe4 Bxe4 11. Nd2 Bb7 12. Bf3 Bxf3 13. Nxf3 c5 14. Qd2 Qc7
15. Rac1 Qb7 16. d5 b5 17. b3 a5 18. e4 a4 19. Rfe1 axb3 20. axb3 Ra3 21. e5
dxe5 22. Nxe5 Nxe5 23. Bxe5 Bxe5 24. Rxe5 Rxb3 25. Qe2 bxc4 26. Qxc4 Rb1 27.
Qxc5 Rxc1+ 28. Qxc1 Rd8 29. Qe3 Rxd5 30. Rxe7 Qb1+ 31. Kh2 Rd8 32. Qf3 Qb8+ 33.
g3 Rf8 34. Qf6 Qb5 35. h4 h5 36. Re5 Qd3 37. Re7 Qc4 38. Qf3 Qg4 39. Qd5 Qb4
40. Rb7 Qe1 41. Qf3 Qe6 42. Rb4 Re8 43. Rf4 Re7 44. Qd3 1/2-1/2

[Event "CAN-ch U2200"]
[Site "Kingston CAN"]
[Date "2022.04.15"]
[Round "5.34"]
[White "Xu, Eddie"]
[Black "Latorre, Vincent"]
[Result "1/2-1/2"]
[WhiteElo "2119"]
[BlackElo "2046"]
[PlyCount "108"]
[EventDate "2022.04.13"]
[EventType "swiss"]
[EventRounds "9"]
[EventCountry "CAN"]

1. e4 g6 2. d4 Bg7 3. Nc3 d6 4. f4 a6 5. Nf3 b5 6. Bd3 Nd7 7. a4 b4 8. Ne2 c5
9. c3 Bb7 10. O-O bxc3 11. bxc3 cxd4 12. cxd4 Ngf6 13. e5 Nd5 14. Rb1 Qc8 15.
Bd2 O-O 16. Qe1 Nc7 17. Qh4 f6 18. f5 g5 19. Nxg5 fxg5 20. Bxg5 dxe5 21. f6 e4
22. Bc4+ Bd5 23. Bxd5+ Nxd5 24. fxg7 Rxf1+ 25. Rxf1 N7f6 26. Ng3 Qg4 27. Qh6 e3
28. Bxe3 Qxg7 29. Qh3 Qg4 30. Qxg4+ Nxg4 31. Bg5 Ngf6 32. Nf5 Kf7 33. Re1 Rb8
34. h3 Rb4 35. Re5 Rxa4 36. Bxf6 Kxf6 37. Rxd5 e6 38. Rd7 exf5 39. Rxh7 Rxd4
40. Rh6+ Kg7 41. Rxa6 Rd3 42. Kf2 Rb3 43. h4 Rb2+ 44. Kf3 Rb3+ 45. Kf4 Rb4+ 46.
Kg3 Rb3+ 47. Kh2 Rb2 48. h5 Rc2 49. Rg6+ Kf7 50. Rg3 Kf6 51. h6 Rc7 52. Rh3 Rh7
53. Kg3 Kg5 54. Kf3 Rxh6 1/2-1/2

[Event "CAN-ch U2200"]
[Site "Kingston CAN"]
[Date "2022.04.15"]
[Round "5.35"]
[White "Huang, Youhe"]
[Black "Ramesh, Sanjay"]
[Result "1/2-1/2"]
[WhiteElo "1989"]
[BlackElo "2065"]
[PlyCount "78"]
[EventDate "2022.04.13"]
[EventType "swiss"]
[EventRounds "9"]
[EventCountry "CAN"]

1. e4 c6 2. Nf3 d5 3. d3 dxe4 4. dxe4 Qxd1+ 5. Kxd1 Bg4 6. Be2 Nd7 7. Be3 e5 8.
Nfd2 Ngf6 9. f3 Be6 10. Bc4 Bc5 11. Bxc5 Nxc5 12. b4 Bxc4 13. Nxc4 O-O-O+ 14.
Kc1 Ne6 15. Nxe5 Rhf8 16. Nc3 Ne8 17. Nc4 Rd4 18. Ne3 Rxb4 19. Rd1 Rd4 20. Kb2
g6 21. Rxd4 Nxd4 22. Rd1 Ne6 23. Nc4 Kc7 24. e5 f6 25. Ne4 b5 26. Ne3 h5 27.
exf6 Nxf6 28. Rd6 Nxe4 29. Rxe6 Nf6 30. Re7+ Nd7 31. c4 Kd6 32. Rg7 Rf6 33.
cxb5 cxb5 34. Nd5 Rf5 35. Nc3 a5 36. Rxg6+ Kc5 37. Ne4+ Kd4 38. Rd6+ Rd5 39.
Ra6 Nc5 1/2-1/2

[Event "CAN-ch U2200"]
[Site "Kingston CAN"]
[Date "2022.04.15"]
[Round "5.36"]
[White "Zhu, Matthew"]
[Black "Hansen, Troy"]
[Result "1-0"]
[WhiteElo "2025"]
[BlackElo "1973"]
[PlyCount "161"]
[EventDate "2022.04.13"]
[EventType "swiss"]
[EventRounds "9"]
[EventCountry "CAN"]

1. e4 e6 2. d4 d5 3. exd5 exd5 4. Nf3 Nf6 5. Bd3 Bd6 6. Qe2+ Qe7 7. Qxe7+ Kxe7
8. O-O Re8 9. Re1+ Kf8 10. Rxe8+ Kxe8 11. Nc3 c6 12. Bg5 Nbd7 13. Re1+ Kf8 14.
Ne5 h6 15. Bf4 Bb4 16. Bd2 Ba5 17. Re2 Bb6 18. Nf3 Bc7 19. Na4 Bd6 20. Ne5 b5
21. Nc3 Bb7 22. Bf5 Nb6 23. Bf4 Be7 24. b3 b4 25. Nd1 Re8 26. Ne3 c5 27. Bd3
Nh5 28. Bg3 g6 29. N3g4 Nxg3 30. hxg3 cxd4 31. Nxh6 Bf6 32. Nhxf7 Kg7 33. Nd6
Rxe5 34. Rxe5 Bxe5 35. Nxb7 Nc8 36. Nc5 Kf7 37. Kf1 Bd6 38. Na4 Kf6 39. Ke2 Ne7
40. Nb2 Nc6 41. Bb5 Ne5 42. Nd3 g5 43. Nxe5 Kxe5 44. Bd3 Kf6 45. Kf3 Ke5 46.
Kg4 Kf6 47. f4 Be7 48. Kh5 Bd6 49. fxg5+ Kg7 50. Kg4 Bc7 51. Kf5 Bxg3 52. Ke6
Bh4 53. Kxd5 Bxg5 54. Kxd4 Bd2 55. Ke5 Bc3+ 56. Kf5 Kf7 57. g4 Kg7 58. g5 Bd2
59. g6 Bc3 60. Ke6 Kf8 61. Kd7 Bd4 62. Kc6 Ke7 63. Kb5 Bc3 64. Kc4 Bd2 65. Kd5
Bc3 66. Kc6 Bd4 67. c4 bxc3 68. b4 Kd8 69. a4 Kc8 70. Bf5+ Kd8 71. a5 Ke7 72.
b5 Kf6 73. Bc2 Ke7 74. b6 axb6 75. axb6 Kd8 76. b7 Be5 77. g7 Bxg7 78. b8=Q+
Ke7 79. Kd5 Bf6 80. Bg6 Bh4 81. Qe8+ 1-0

[Event "CAN-ch U2200"]
[Site "Kingston CAN"]
[Date "2022.04.15"]
[Round "5.37"]
[White "Wang, Derek"]
[Black "Adam, Rafael"]
[Result "1/2-1/2"]
[WhiteElo "1956"]
[BlackElo "2024"]
[PlyCount "157"]
[EventDate "2022.04.13"]
[EventType "swiss"]
[EventRounds "9"]
[EventCountry "CAN"]

1. Nf3 Nf6 2. d4 e6 3. e3 c5 4. c3 b6 5. Bd3 Be7 6. Nbd2 Ba6 7. Qc2 Bxd3 8.
Qxd3 d5 9. O-O Nbd7 10. Re1 O-O 11. Qc2 Qc7 12. e4 dxe4 13. Nxe4 h6 14. Ng3
Rfd8 15. Bd2 Nf8 16. Qc1 Rac8 17. Bf4 Qb7 18. Be5 Ng6 19. dxc5 Nxe5 20. Nxe5
Rxc5 21. Nf3 Rcd5 22. Qc2 Qa6 23. Qe2 Qa4 24. Nf1 Bc5 25. b3 Qa3 26. N3d2 Qb2
27. Ne4 Qxe2 28. Nxf6+ gxf6 29. Rxe2 b5 30. Rc2 Ba3 31. Re1 f5 32. c4 Rc5 33.
Ree2 Rdc8 34. Nd2 Bb4 35. f3 Bxd2 36. Rexd2 bxc4 37. bxc4 Rxc4 38. Rxc4 Rxc4
39. Kf2 Kg7 40. Ke3 e5 41. g3 f4+ 42. Kf2 fxg3+ 43. hxg3 Rc3 44. Rd5 Rc2+ 45.
Ke3 Rxa2 46. Rxe5 Rb2 47. Ra5 Rb7 48. Ra6 f6 49. Ke4 Kg6 50. Kf4 h5 51. Ke4 Rh7
52. Kf4 Rf7 53. Ra5 Re7 54. Ra6 Rh7 55. Ke4 Kg5 56. Ra5+ Kg6 57. Ra6 h4 58.
gxh4 Rxh4+ 59. f4 Rh7 60. Ra5 Re7+ 61. Kf3 f5 62. Ra6+ Kf7 63. Ra5 Ke6 64. Ra6+
Kd5 65. Rf6 Kc4 66. Rxf5 Kb4 67. Rf6 a5 68. Ra6 a4 69. f5 a3 70. f6 Re1 71. Kf4
Kb3 72. Kg5 a2 73. Rxa2 Kxa2 74. f7 Rf1 75. Kg6 Kb3 76. Kg7 Rg1+ 77. Kh7 Rf1
78. Kg7 Rxf7+ 79. Kxf7 1/2-1/2

[Event "CAN-ch U2200"]
[Site "Kingston CAN"]
[Date "2022.04.15"]
[Round "5.38"]
[White "Oancea, Nicolae"]
[Black "Berengolts, Isai"]
[Result "0-1"]
[WhiteElo "1907"]
[BlackElo "2126"]
[PlyCount "88"]
[EventDate "2022.04.13"]
[EventType "swiss"]
[EventRounds "9"]
[EventCountry "CAN"]

1. c4 Nf6 2. g3 g6 3. Bg2 Bg7 4. Nc3 O-O 5. e3 e5 6. Nge2 Re8 7. d4 exd4 8.
exd4 c6 9. O-O d6 10. h3 Nbd7 11. Be3 Nb6 12. b3 a5 13. Qd2 d5 14. c5 Nbd7 15.
a3 b5 16. b4 Nf8 17. g4 Ra7 18. Ng3 Rae7 19. Bf4 Ne6 20. Be5 Ra7 21. Nce2 Ne4
22. Nxe4 dxe4 23. Bxg7 Nxg7 24. Nc3 f5 25. d5 Be6 26. Rfd1 Bxd5 27. bxa5 Qxa5
28. Nxd5 Qxd2 29. Rxd2 cxd5 30. Rxd5 b4 31. a4 Ne6 32. Bf1 Nf4 33. Rd6 Rc8 34.
c6 Rac7 35. Bb5 Nxh3+ 36. Kf1 fxg4 37. Rb1 Rf8 38. Bc4+ Kh8 39. Be6 e3 40. Rxb4
Rxf2+ 41. Ke1 Nf4 42. Bxg4 Rxc6 43. Rxc6 Nd3+ 44. Kd1 Rd2# 0-1

[Event "CAN-ch U2200"]
[Site "Kingston CAN"]
[Date "2022.04.15"]
[Round "5.40"]
[White "Malmsten, Erik"]
[Black "Shi, Michael"]
[Result "1/2-1/2"]
[WhiteElo "1936"]
[BlackElo "2017"]
[PlyCount "83"]
[EventDate "2022.04.13"]
[EventType "swiss"]
[EventRounds "9"]
[EventCountry "CAN"]

1. e4 e5 2. Nc3 Nc6 3. Bc4 Bc5 4. f4 Nf6 5. Nf3 d6 6. d3 O-O 7. Na4 Bb6 8. f5
d5 9. Nxb6 axb6 10. exd5 Nxd5 11. g4 Re8 12. O-O Qd6 13. Qe1 e4 14. Ng5 Qc5+
15. Kh1 e3 16. f6 e2 17. Rf3 gxf6 18. Nxh7 Bxg4 19. Nxf6+ Nxf6 20. Rxf6 Nd4 21.
Bd2 Bf3+ 22. Rxf3 Nxf3 23. Qg3+ Ng5 24. h4 Qe5 25. Qxg5+ Qxg5 26. hxg5 Kg7 27.
Kg2 f5 28. Kf2 f4 29. Bxf4 Rf8 30. Kg3 Rxf4 31. Kxf4 Rf8+ 32. Ke3 Rf1 33. Kxe2
Rxa1 34. Ke3 Kg6 35. Kd4 Kxg5 36. Be6 Kf6 37. Bb3 Ke7 38. a4 Kd6 39. c4 Rh1 40.
Bc2 Rh2 41. Kc3 c5 42. Bb1 1/2-1/2

[Event "CAN-ch U2200"]
[Site "Kingston CAN"]
[Date "2022.04.16"]
[Round "6.31"]
[White "Loadman, Ian"]
[Black "Zhang, Chu Hang"]
[Result "1/2-1/2"]
[WhiteElo "2061"]
[BlackElo "2057"]
[PlyCount "43"]
[EventDate "2022.04.13"]
[EventType "swiss"]
[EventRounds "9"]
[EventCountry "CAN"]

1. e4 d5 2. exd5 Qxd5 3. Nc3 Qd8 4. d4 Nf6 5. Nf3 e6 6. Bd3 a6 7. Ne4 Nbd7 8.
c3 c5 9. O-O cxd4 10. cxd4 Nxe4 11. Bxe4 Nf6 12. Bg5 Be7 13. Bxf6 gxf6 14. Qe2
f5 15. Bc2 b5 16. Rad1 Bb7 17. Rfe1 Qd5 18. Bb3 Qe4 19. d5 O-O-O 20. Qxe4 fxe4
21. Rxe4 Bd6 22. Re3 1/2-1/2

[Event "CAN-ch U2200"]
[Site "Kingston CAN"]
[Date "2022.04.16"]
[Round "6.32"]
[White "Joseph Benher, Savio"]
[Black "Xu, Eddie"]
[Result "1-0"]
[WhiteElo "2170"]
[BlackElo "2119"]
[PlyCount "73"]
[EventDate "2022.04.13"]
[EventType "swiss"]
[EventRounds "9"]
[EventCountry "CAN"]

1. e4 c5 2. Nf3 d6 3. d4 cxd4 4. Nxd4 Nf6 5. Nc3 a6 6. Be3 e5 7. Nb3 Be7 8. Qd2
Ng4 9. Nd5 Nxe3 10. Qxe3 Nd7 11. g3 O-O 12. Bh3 Bg5 13. Qe2 Nb6 14. Bxc8 Rxc8
15. Rd1 Nc4 16. c3 a5 17. O-O Qd7 18. f4 exf4 19. gxf4 Bd8 20. Nd4 Re8 21. Qg2
Nb6 22. Nf5 g6 23. Kh1 Kh8 24. Nxb6 Bxb6 25. Rxd6 Qb5 26. Rd5 Rc5 27. Nd6 Rxd5
28. exd5 Qd7 29. Nxe8 Qxe8 30. d6 Qe6 31. Rd1 Qd7 32. Qd5 Bd8 33. Qe5+ f6 34.
Qd5 Kg7 35. f5 a4 36. Kg2 Kh6 37. Rd3 1-0

[Event "CAN-ch U2200"]
[Site "Kingston CAN"]
[Date "2022.04.16"]
[Round "6.33"]
[White "Ramesh, Sanjay"]
[Black "Liu, Henry"]
[Result "1/2-1/2"]
[WhiteElo "2065"]
[BlackElo "2125"]
[PlyCount "94"]
[EventDate "2022.04.13"]
[EventType "swiss"]
[EventRounds "9"]
[EventCountry "CAN"]

1. d4 d5 2. c4 c6 3. cxd5 cxd5 4. Nc3 Nf6 5. Bf4 e6 6. e3 Nc6 7. Bd3 a6 8. Nf3
Be7 9. h3 b5 10. O-O O-O 11. Rc1 Bb7 12. Qe2 Rc8 13. Ne5 Nxe5 14. Bxe5 Nd7 15.
Bh2 Qb6 16. Bb1 b4 17. Qd3 g6 18. Ne2 a5 19. Rfd1 Ba6 20. Qd2 Bc4 21. b3 Bxe2
22. Qxe2 Rc3 23. e4 dxe4 24. Bxe4 Rxc1 25. Rxc1 Qxd4 26. Rd1 Qa7 27. Bf4 Nf6
28. Bf3 Rd8 29. Rc1 Nd5 30. Bxd5 Rxd5 31. Rc8+ Kg7 32. Qe4 Bf6 33. g3 Qb7 34.
Qc2 Rd1+ 35. Qxd1 Qxc8 36. Qd3 e5 37. Be3 Qc6 38. h4 e4 39. Qd2 h5 40. Kg2 Qb5
41. Qd6 Qf5 42. Bc5 Bc3 43. Qf8+ Kh7 44. Be3 Qd5 45. Qc5 Qa8 46. Qa7 Qd5 47.
Qc5 Qa8 1/2-1/2

[Event "CAN-ch U2200"]
[Site "Kingston CAN"]
[Date "2022.04.16"]
[Round "6.34"]
[White "Xu, Daniel"]
[Black "Zhu, Matthew"]
[Result "1/2-1/2"]
[WhiteElo "2088"]
[BlackElo "2025"]
[PlyCount "208"]
[EventDate "2022.04.13"]
[EventType "swiss"]
[EventRounds "9"]
[EventCountry "CAN"]

1. e4 c5 2. Nf3 d6 3. d4 cxd4 4. Nxd4 Nf6 5. Nc3 g6 6. Be3 Bg7 7. f3 Nc6 8. Qd2
O-O 9. Bc4 Bd7 10. O-O-O Rc8 11. Bb3 Ne5 12. Kb1 a6 13. h4 h5 14. g4 hxg4 15.
h5 Nxh5 16. Bh6 Kh7 17. Bxg7 Kxg7 18. fxg4 Bxg4 19. Nf5+ Bxf5 20. exf5 Rh8 21.
fxg6 Nxg6 22. Nd5 e6 23. Qg2 Rc5 24. Qf3 exd5 25. Rxh5 Rxh5 26. Qxh5 Qh4 27.
Qf5 Qe4 28. Qd7 Qe7 29. Qh3 Qe6 30. Qh5 Qe5 31. Qg4 Qe4 32. Qg5 Qe5 33. Qg1 b5
34. Qg2 Qe4 35. Qg5 Qe5 36. Qd8 b4 37. Qa8 Qe2 38. Rc1 Qb5 39. Qd8 Qc6 40. Rf1
Qc7 41. Qf6+ Kg8 42. Qd4 Qb7 43. Rd1 a5 44. Bxd5 Qe7 45. Rg1 Kf8 46. Rf1 Qe5
47. Rd1 Qxd4 48. Rxd4 Ke7 49. Bxf7 Kxf7 50. Rxd6 Ne5 51. b3 Ke7 52. Rd2 Ke6 53.
a3 Nc6 54. Kb2 Rc3 55. Rh2 Kd5 56. Rh4 Kc5 57. Rh5+ Kb6 58. Rh4 Rc5 59. axb4
axb4 60. Rh3 Rg5 61. c3 Rg2+ 62. Kb1 Kc5 63. Rh5+ Kb6 64. cxb4 Nxb4 65. Kc1
Nd3+ 66. Kd1 Rb2 67. Rd5 Nc5 68. b4 Rxb4 69. Ke2 Rb3 70. Re5 Kb5 71. Re3 Rb2+
72. Kf3 Kc4 73. Kf4 Kd4 74. Re8 Rf2+ 75. Kg3 Rf7 76. Rd8+ Ke3 77. Re8+ Ne4+ 78.
Kg4 Rf4+ 79. Kh5 Kf3 80. Re6 Rf5+ 81. Kg6 Kf4 82. Ra6 Re5 83. Ra4 Rd5 84. Ra8
Rd6+ 85. Kf7 Ng5+ 86. Ke7 Rb6 87. Ra5 Nf3 88. Kd7 Ne5+ 89. Kc7 Rc6+ 90. Kb7 Rd6
91. Ra1 Kf5 92. Rh1 Nf7 93. Re1 Kf6 94. Kc7 Rd2 95. Kc6 Ne5+ 96. Kb5 Rb2+ 97.
Ka4 Ke6 98. Ka3 Rb7 99. Re4 Kd5 100. Rb4 Ra7+ 101. Kb3 Nd3 102. Rb8 Rb7+ 103.
Rxb7 Nc5+ 104. Kc3 Nxb7 1/2-1/2

[Event "CAN-ch U2200"]
[Site "Kingston CAN"]
[Date "2022.04.16"]
[Round "6.35"]
[White "Latorre, Vincent"]
[Black "Van Rooy, Jake"]
[Result "1-0"]
[WhiteElo "2046"]
[BlackElo "2073"]
[PlyCount "45"]
[EventDate "2022.04.13"]
[EventType "swiss"]
[EventRounds "9"]
[EventCountry "CAN"]

1. e4 c5 2. Nf3 g6 3. c3 Bg7 4. d4 cxd4 5. cxd4 d5 6. e5 Bg4 7. Bb5+ Nc6 8.
Bxc6+ bxc6 9. Nbd2 Nh6 10. h3 Bd7 11. O-O O-O 12. Nb3 f6 13. Nc5 Qc8 14. Bf4
Nf7 15. Re1 Nd8 16. Qe2 Kf7 17. exf6 Bxf6 18. Bh6 Rg8 19. Ne5+ Bxe5 20. Qxe5 e6
21. Be3 Ke8 22. Qf6 Nf7 23. Nxe6 1-0

[Event "CAN-ch U2200"]
[Site "Kingston CAN"]
[Date "2022.04.16"]
[Round "6.36"]
[White "Adam, Rafael"]
[Black "Huang, Youhe"]
[Result "0-1"]
[WhiteElo "2024"]
[BlackElo "1989"]
[PlyCount "62"]
[EventDate "2022.04.13"]
[EventType "swiss"]
[EventRounds "9"]
[EventCountry "CAN"]

1. d4 d6 2. Nf3 Nf6 3. g3 Nbd7 4. Bg2 e5 5. dxe5 dxe5 6. O-O Bd6 7. c4 O-O 8.
Nc3 Qe7 9. b3 c6 10. Bb2 a5 11. Nd2 Nc5 12. Qc2 Bg4 13. e3 Qe6 14. Rae1 Rad8
15. f4 Bc7 16. Nf3 Nd3 17. Re2 Bxf3 18. Bxf3 e4 19. Bg2 Rfe8 20. Rd1 Nb4 21.
Qb1 Qg4 22. a3 Nd3 23. Qc2 Bb6 24. Nxe4 Nxf4 25. Nxf6+ gxf6 26. gxf4 Rxd1+ 27.
Qxd1 Rxe3 28. c5 Rxe2 29. Qf1 Bxc5+ 30. Kh1 Rxb2 31. h3 Qxg2+ 0-1

[Event "CAN-ch U2200"]
[Site "Kingston CAN"]
[Date "2022.04.16"]
[Round "6.38"]
[White "Hansen, Troy"]
[Black "Wang, Derek"]
[Result "1-0"]
[WhiteElo "1973"]
[BlackElo "1956"]
[PlyCount "99"]
[EventDate "2022.04.13"]
[EventType "swiss"]
[EventRounds "9"]
[EventCountry "CAN"]

1. e4 c5 2. Nf3 Nc6 3. c3 d5 4. exd5 Qxd5 5. d4 e6 6. Be2 Nf6 7. O-O Be7 8. Be3
cxd4 9. Nxd4 Nxd4 10. Qxd4 O-O 11. Bf3 Qxd4 12. Bxd4 Rd8 13. a4 Nd5 14. Na3 Bd6
15. Rfd1 a6 16. c4 Bxa3 17. cxd5 Be7 18. Bb6 Rd7 19. Rac1 exd5 20. a5 g6 21.
Rxd5 Rxd5 22. Bxd5 Bd6 23. g3 Be5 24. b3 Be6 25. Bxb7 Rb8 26. Bxa6 Bxb3 27.
Rc8+ Rxc8 28. Bxc8 Bd5 29. Bh3 Bb7 30. Bf1 Kg7 31. a6 Bxa6 32. Bxa6 f5 33. f4
Bc3 34. Kf2 h6 35. Ke3 Bb4 36. Bd4+ Kh7 37. Bc8 Be7 38. Kd3 h5 39. Kc4 h4 40.
g4 fxg4 41. Bxg4 Bd6 42. Be5 Ba3 43. Kd5 Be7 44. Ke6 Bb4 45. Bf6 Bd2 46. Be5
Kh6 47. h3 Bb4 48. Kf7 Bd2 49. Bg7+ Kh7 50. f5 1-0

[Event "CAN-ch U2200"]
[Site "Kingston CAN"]
[Date "2022.04.16"]
[Round "6.39"]
[White "Oancea, Nicolae"]
[Black "Palsson Halidor, Peter"]
[Result "1/2-1/2"]
[WhiteElo "1907"]
[BlackElo "1942"]
[PlyCount "112"]
[EventDate "2022.04.13"]
[EventType "swiss"]
[EventRounds "9"]
[EventCountry "CAN"]

1. e4 e6 2. f4 d5 3. e5 c5 4. Nf3 Nc6 5. c3 Nh6 6. Na3 Be7 7. Nc2 Qb6 8. d4 Nf5
9. Bd3 cxd4 10. cxd4 f6 11. g4 Nh6 12. exf6 gxf6 13. h3 Nf7 14. a3 Bd7 15. Be3
O-O-O 16. b4 Rdg8 17. Qd2 Kb8 18. Kf2 Nd6 19. Rhb1 h5 20. g5 fxg5 21. fxg5 Rf8
22. Kg2 h4 23. Ne5 Be8 24. a4 Nf5 25. Bf2 Bxg5 26. Qe1 Rhg8 27. Bxf5 Bd2+ 28.
Bg4 Bxe1 29. Rxe1 Nxe5 30. Rxe5 Qc6 31. Ne3 Qc3 32. Rd1 Bxa4 33. Be1 Qb2+ 34.
Rd2 Qc1 35. Nf1 Bb5 36. Nh2 Qc3 37. Rd1 Qb2+ 38. Kh1 Bf1 39. Rd2 Qb3 40. Bxe6
Rg3 41. Bxd5 Qb1 42. Re7 Bxh3 43. Rxb7+ Kc8 44. Re7 Qg6 45. Bxg3 hxg3 46. Nf3
Rxf3 47. Bxf3 Qb1+ 48. Rd1 Qa2 49. Be2 Kd8 50. Re3 Bg4 51. Rxg3 Qxe2 52. Rdd3
Qf1+ 53. Kh2 Qf2+ 54. Kh1 Qf1+ 55. Kh2 Qf2+ 56. Kh1 Qf1+ 1/2-1/2

[Event "CAN-ch U2200"]
[Site "Kingston CAN"]
[Date "2022.04.16"]
[Round "6.40"]
[White "Guillemette, Hugo"]
[Black "Malmsten, Erik"]
[Result "1-0"]
[WhiteElo "1882"]
[BlackElo "1936"]
[PlyCount "109"]
[EventDate "2022.04.13"]
[EventType "swiss"]
[EventRounds "9"]
[EventCountry "CAN"]

1. e4 c6 2. d4 g6 3. Nc3 Bg7 4. Nf3 d6 5. Bc4 Nf6 6. a4 O-O 7. Bb3 Bg4 8. h3
Bxf3 9. Qxf3 Nbd7 10. O-O a6 11. a5 Qc7 12. Be3 c5 13. e5 dxe5 14. dxc5 e6 15.
Rfd1 Rfd8 16. Ne4 Nxe4 17. Qxe4 Bf8 18. c6 bxc6 19. Ba4 Rdc8 20. b4 Nf6 21. Qc4
Nd5 22. Bc5 Bg7 23. Ra3 Bf6 24. Qb3 Kg7 25. c4 Nf4 26. Qe3 Rd8 27. Raa1 Rac8
28. Bb6 Rxd1+ 29. Rxd1 Qe7 30. Bc5 Qb7 31. Rd6 g5 32. Qe4 Be7 33. Rxc6 Rxc6 34.
Bxc6 Qc7 35. Bxe7 Qxe7 36. Qxe5+ f6 37. Qb8 Kh6 38. c5 Kg6 39. Qe8+ Qxe8 40.
Bxe8+ Kf5 41. b5 axb5 42. a6 Nd5 43. a7 Nc7 44. Bxb5 h5 45. Bc6 Ke5 46. a8=Q
Nxa8 47. Bxa8 f5 48. Kf1 Kf6 49. Ke2 Ke7 50. Ke3 e5 51. Bf3 h4 52. Bh5 Kd7 53.
Kd3 Kc6 54. Kc4 f4 55. Bf3+ 1-0